| 000 | 00627nam a22002057a 4500 | ||
|---|---|---|---|
| 003 | OSt | ||
| 005 | 20240603051859.0 | ||
| 008 | 240603b |||||||| |||| 00| 0 eng d | ||
| 020 | _a0737020431 | ||
| 040 |
_aDWCL-HMN lib. _cOC |
||
| 082 | _aCirc. 641.5959 S92s 2000 | ||
| 100 | _aJue, Joyce | ||
| 245 | _aSavoring Southeast Asia : recipes and reflections on Southeast Asian cooking / | ||
| 260 |
_aCalifornia : _bOxmoor House, _cc2000. |
||
| 300 |
_a255 pages : _bcolored photos ; _c 32 cm. |
||
| 504 | _aAt head of title : Williams-Sonoma. | ||
| 650 | _a1. Cooking, | ||
| 700 | _aJoyce Jue | ||
| 942 |
_2ddc _cBK-CIRC _kCirc. _n0 |
||
| 999 |
_c90 _d90 |
||